Normal view MARC view
  • Crawford, C. Merle

Entry Personal Name

Number of records used in: 1

001 - CONTROL NUMBER

  • control field: 86138

003 - CONTROL NUMBER IDENTIFIER

  • control field: NUST

005 - DATE AND TIME OF LATEST TRANSACTION

  • control field: 20211209102623.0

008 - FIXED-LENGTH DATA ELEMENTS

  • fixed length control field: 211209|| aca||aabn | a|a d

040 ## - CATALOGING SOURCE

  • Original cataloging agency: NUST
  • Transcribing agency: NUST

100 ## - HEADING--PERSONAL NAME

  • Personal name: Crawford, C. Merle
  • Fuller form of name: (Charles Merle),
  • Dates associated with a name: 1924-

670 ## - SOURCE DATA FOUND

  • Source citation: Work cat.: (NUST)31732: Crawford, C. Merle (Charles Merle), 1924-, New Products Management /, c2008.
© 2023 Central Library, National University of Sciences and Technology. All Rights Reserved.